00660nam a2200181 a 450000100100000000500170001000800410002702000150006804000250008308200080010810000300011624500990014626000470024530000290029270000310032195201090035299900170046100003963220201002033641.0130712s2001 xxuac 000 0 spa d a1884365191 aDO-SdBNPbspacBNPHU axxx1 aFernández, Frank94265010aCuban anarchism :bthe history of a movement /cFrank Fernández ; traducción Charles Bufe. aTucson, Arizona :bSee sharp Press,c2001. a154 p. :bil., ;c23 cm.1 aBufe, Charles,etr.965813 0010507-18MOaPDbPDcOId2013-07-12iLF1l0oxxx p39632-10r2020-06-25w2020-06-25y1ZNo se presta c39122d39122